000
00323 a2200133 4500
000
nam a22 7a 4500
100
_a
Sujit Kr Choudhary
110
_a
Sujit Kr Choudhary
245
_a
Contemporary Sociological Theory
250
_a
latest edition
260
_b
Manohar
_c
2025
264
_b
Manohar
_c
2025
942
_c
BK
999
_c
394643
_d
394643